|
|
|
|
| LEADER |
00000cam a2200000 7i4500 |
| 001 |
0000003390 |
| 002 |
000003657 |
| 005 |
20000330.0 |
| 020 |
|
|
|a 0721440150
|
| 090 |
0 |
0 |
|a JF
|b ONE
|
| 245 |
0 |
0 |
|a 101 dalmatians
|
| 260 |
|
|
|a Loughborough :
|b Ladybird Books ,
|c 1991
|
| 300 |
|
|
|a 47p. :
|b ill ;
|c 17cm.
|
| 490 |
0 |
|
|a Disney
|
| 650 |
0 |
0 |
|a Children's stories
|
| 999 |
|
|
|a 026244
|b BUKU
|c PINJAMAN
|e PERPUSTAKAAN KOMUNITI PETALING JAYA
|
| 999 |
|
|
|a 031632
|b BUKU
|c JUNIOR FICTION
|e PERPUSTAKAAN KOMUNITI PETALING JAYA
|
| 999 |
|
|
|a 055813
|b BUKU
|c PINJAMAN
|e PERPUSTAKAAN KOMUNITI CAW KOTA DAMANSARA
|
| 999 |
|
|
|a 057711
|b BUKU
|c PINJAMAN
|e PERPUSTAKAAN KOMUNITI PETALING JAYA
|